| Tag |
First Indicator |
Second Indicator |
Subfields |
| LEADER |
00000pam a2200000 a 4500 |
| 001 |
in00000098575 |
| 005 |
20150924085826.0 |
| 008 |
820325s1982 nyu 00011 eng |
| 010 |
|
|
|a 81069998
|
| 020 |
|
|
|a 0670239097 :
|c $15.95
|
| 035 |
|
|
|a (OCoLC)08345420
|
| 035 |
|
|
|9 AAK9678AM
|
| 039 |
0 |
|
|a 2
|b 3
|c 3
|d 3
|e 3
|
| 040 |
|
|
|a DLC
|c DLC
|d TXA
|d UtOrBLW
|
| 049 |
|
|
|a TXAM
|c [389710]
|
| 050 |
0 |
0 |
|a PR6007 U76
|b C6 1982
|
| 082 |
0 |
|
|a 823/.912
|2 19
|
| 100 |
1 |
|
|a Durrell, Lawrence.
|
| 245 |
1 |
0 |
|a Constance, or, Solitary practices /
|c Lawrence Durrell.
|
| 264 |
|
1 |
|a New York :
|b Viking,
|c 1982.
|
| 300 |
|
|
|a 393 pages ;
|c 22 cm.
|
| 336 |
|
|
|a text
|b txt
|2 rdacontent
|
| 337 |
|
|
|a unmediated
|b n
|2 rdamedia
|
| 338 |
|
|
|a volume
|b nc
|2 rdacarrier
|
| 740 |
0 |
|
|a Solitary practices.
|
| 999 |
|
|
|a MARS
|
| 999 |
f |
f |
|s 04856b06-3f20-3a6e-8e3d-28960d069004
|i 9caacb48-a475-3a32-8877-ab91fba79a57
|t 0
|
| 952 |
f |
f |
|p ric
|a Texas A&M University
|b Rellis Campus
|c Joint Library Facility
|d Remote Storage
|t 0
|e PR6007 U76 C6 1982
|h Library of Congress classification
|i unmediated -- volume
|m A14806359381
|
| 998 |
f |
f |
|a PR6007 U76 C6 1982
|t 0
|l Remote Storage
|